000 00665nam a2200205Ia 4500
003 GCL
008 140319s9999 xx 000 0 ara d
040 _aGCL /
_cGCL
082 0 4 _a255
_bع ن
100 1 _aعبدالله العلى الركبان
245 1 0 _aالنظرية العامة لاثبات موجبات الحدود /
_cعبدالله العلى الركبان
250 _aالاولى
260 _aبيروت :
_bمؤسسة الرسالة ،
_c1981
300 _a364ص ؛
_c24سم
650 0 4 _aالسرقة
650 0 4 _aالزنا
650 0 4 _aالخمور
650 0 4 _aالنظام القضائى فى الاسلام
942 _2ddc
_cBK
999 _c7098
_d7098